00490nam a22001937a 450000500170000001000110001702000100002803500110003803700160004904000120006508200130007724500440009026000360013427000330017030000210020365000340022465000200025870000180027820170124110157.0 a841346 c00.00 a841346 bCen Lib/Ret aDPLbEN a040bVIR aVirgina Woolf /cedited by Walter James aLondonbChatto and Windusc1966 a42 William IV StreetbLondon a205p. c18cm(Hb) aWoolf, Virginia, -- 1882-1941 aWoolf, Virginia aJames, Walter